American Actors - Sudden Death - Statistics

General Stats
  • This quiz has been taken 794 times
  • The average score is 7 of 14
Answers on the Grid
Answers color-coded by a green-red scale on the quiz's grid according to % correct below.
Antonio Banderas
Brad Pitt
Bradley Cooper
Chris Hemsworth
Christian Bale
Christoph Waltz
Denzel Washington
Gary Oldman
George Clooney
Harrison Ford
Henry Cavill
Hugh Jackman
Idris Elba
Jackie Chan
Javier Bardem
Johnny Depp
Leonardo DiCaprio
Matt Damon
Michael Caine
Morgan Freeman
Nicolas Cage
Richard Gere
Robert De Niro
Ryan Gosling
Ryan Reynolds
Tom Cruise
Tom Hardy
Will Smith
 
Answer Stats
Answer % Correct
Brad Pitt
84%
Bradley Cooper
67%
Denzel Washington
55%
George Clooney
50%
Harrison Ford
47%
Leonardo DiCaprio
47%
Tom Cruise
45%
Johnny Depp
44%
Matt Damon
41%
Nicolas Cage
40%
Morgan Freeman
39%
Robert De Niro
38%
Will Smith
38%
Richard Gere
30%
No matching quizzes found
Score Distribution
Percent of People with Each Score
Percentile by Number Answered
Your Score History
You have not taken this quiz